ग्रंथवर्णन आणि ग्रंथसूची (Record no. 417060)

MARC details
000 -LEADER
fixed length control field 00561nam a2200145Ia 4500
008 - FIXED-LENGTH DATA ELEMENTS--GENERAL INFORMATION
fixed length control field 100122s9999 xx 000 0 und d
082 ## - DEWEY DECIMAL CLASSIFICATION NUMBER
Item number 32737
Classification number 10
100 ## - MAIN ENTRY--PERSONAL NAME
Personal name लेले रा के
245 ## - TITLE STATEMENT
Title ग्रंथवर्णन आणि ग्रंथसूची
260 ## - PUBLICATION, DISTRIBUTION, ETC. (IMPRINT)
Name of publisher, distributor, etc जोशी आणि लोखंडे प्रकाशन
Date of publication, distribution, etc 1973
300 ## - PHYSICAL DESCRIPTION
Extent 202
630 ## - SUBJECT ADDED ENTRY--UNIFORM TITLE
Uniform title ग्रंथवर्णन आणि ग्रंथसूची
730 ## - ADDED ENTRY--UNIFORM TITLE
Uniform title ग्रंथवर्णन आणि ग्रंथसूची
942 ## - ADDED ENTRY ELEMENTS (KOHA)
Koha item type Book
Holdings
Withdrawn status Lost status Damaged status Not for loan Home library Current library Date acquired Cost, normal purchase price Total Checkouts Full call number Barcode Date last seen Cost, replacement price Price effective from Koha item type Public note
        S.V. Pathak Library, Vile Parle S.V. Pathak Library, Vile Parle 07/10/1982 202.00   32737 SVPPARLE-32737 01/25/2010 202.00 01/25/2010 Book General NA